| 000 | 01105cam a2200205 4500 | ||
|---|---|---|---|
| 001 | ABS65853 | ||
| 008 | 020909n2002 000 0 eng u | ||
| 035 | _a(Sirsi) u119596 | ||
| 245 | _aCollins v Howard de Walden Estates Ltd | ||
| 260 | _c2002 | ||
| 490 |
_aEstates Gazette _v[2002] 34 EG 86-90(5) |
||
| 520 | _aCLCC 16 May 2002. Claimant (C) sought to enfranchise, under the Leasehold Reform Act 1967, two adjoining mews houses held on a long lease. By the lease's provision the tenant was obliged to use the premises as a single, private dwelling house. The defendant landlord claimed the premises were not a house within the meaning of the 1967 act s2(1). Held, C was entitled to enfranchise as the mews was reasonably called a house and the fact that there was a separate self contained flat did not change the position. | ||
| 590 | _aABS | ||
| 650 | _aCOLLINS V HOWARD DE WALDEN ESTATES LTD | ||
| 650 | _aLEASEHOLD ENFRANCHISEMENT | ||
| 650 | _aLEASEHOLD REFORM ACT 1967 S2(1) | ||
| 650 | _aENTITLEMENT TO ACQUIRE | ||
| 690 | _aLANDLORD AND TENANT-LEASEHOLD REFORM-CASE LAW | ||
| 942 | _n0 | ||
| 999 |
_c71110 _d71110 |
||